मानक हिंदी के शुद्ध प्रयोग (Record no. 120076)
[ view plain ]
| 000 -LEADER | |
|---|---|
| fixed length control field | 01111nam a22002537a 4500 |
| 005 - DATE AND TIME OF LATEST TRANSACTION | |
| control field | 20170124103152.0 |
| 010 ## - LIBRARY OF CONGRESS CONTROL NUMBER | |
| LC control number | B-016578 |
| 020 ## - INTERNATIONAL STANDARD BOOK NUMBER | |
| Terms of availability | 200.00 |
| International Standard Book Number | 8171194702 |
| 035 ## - SYSTEM CONTROL NUMBER | |
| System control number | B-016578 |
| 037 ## - SOURCE OF ACQUISITION | |
| Source of stock number/acquisition | Cen Lib/Ret |
| 040 ## - CATALOGING SOURCE | |
| Original cataloging agency | DPL |
| Language of cataloging | HN |
| 082 ## - DEWEY DECIMAL CLASSIFICATION NUMBER | |
| Classification number | 415 |
| Item number | महरो |
| 100 ## - MAIN ENTRY--PERSONAL NAME | |
| Personal name | महरोत्रा, रमेश चंद्र |
| 9 (RLIN) | 52576 |
| 245 ## - TITLE STATEMENT | |
| Title | मानक हिंदी के शुद्ध प्रयोग |
| Statement of responsibility, etc | रमेश चंद्र महरोत्रा |
| Remainder of title | : दो / |
| 246 ## - VARYING FORM OF TITLE | |
| Title proper/short title | Manak hindi suddh prayog-do / |
| Remainder of title | by Ramesh Chandra Mahrotra |
| 260 ## - PUBLICATION, DISTRIBUTION, ETC. (IMPRINT) | |
| Place of publication, distribution, etc | नई दिल्ली |
| Name of publisher, distributor, etc | राधाकृष्ण प्रकाशन |
| Date of publication, distribution, etc | 2000 |
| 270 ## - ADDRESS | |
| Address | 2/38, अंसारी मार्ग, दरियागंज |
| City | नई दिल्ली |
| Postal code | 110002 |
| 300 ## - PHYSICAL DESCRIPTION | |
| Extent | 190पृ. |
| Dimensions | 21सेमी (सजिल्द) |
| 650 ## - SUBJECT ADDED ENTRY--TOPICAL TERM | |
| Topical term or geographic name as entry element | हिन्दी व्याकरण |
| 9 (RLIN) | 88407 |
| 650 ## - SUBJECT ADDED ENTRY--TOPICAL TERM | |
| Topical term or geographic name as entry element | मानक हिन्दी |
| 9 (RLIN) | 3679 |
| 650 ## - SUBJECT ADDED ENTRY--TOPICAL TERM | |
| Topical term or geographic name as entry element | Hindi grammar |
| 9 (RLIN) | 9482 |
| 650 ## - SUBJECT ADDED ENTRY--TOPICAL TERM | |
| Topical term or geographic name as entry element | Standard Hindi |
| 9 (RLIN) | 88408 |
| 942 ## - ADDED ENTRY ELEMENTS (KOHA) | |
| Source of classification or shelving scheme | Dewey Decimal Classification |
| Koha item type | Hindi Books |
| Classification part | 415 |
| Call number suffix | महरो |
| Withdrawn status | Lost status | Damaged status | Not for loan | Home library | Current library | Date acquired | Source of acquisition | Cost, normal purchase price | Total Checkouts | Full call number | Barcode | Date last seen | Date checked out | Copy number | Cost, replacement price | Price effective from | Koha item type |
|---|---|---|---|---|---|---|---|---|---|---|---|---|---|---|---|---|---|
| Central Library | Central Library | 21/09/2015 | Cen Lib/Ret | 200.00 | 1 | 415 महरो | B-016578 | 19/05/2018 | 12/05/2018 | 1 | 200.00 | 21/09/2015 | Hindi Books |
